01613nab a2200385 a 450000100060000000300080000600500170001400600190003100700150005000800410006502200280010603500210013404000260015505000250018108000120020622200420021824502520026026000640051230000170057636200460059353301640063954600560080365000240085965000250088365000280090865000250093665300240096165300280098565500320101370000410104571000190108674000430110585600620114899900170121046240FlNmELB20241216231751.0m o d | cr cn|||||||||130704s2003 sp s 000 0 spa d a1135-5727z1135572-7126 a(OCoLC)955377539 aFlNmELBbspacFlNmELB 4aRA427.9bC257 2003eb a616-083 0aRevista Española de Salud Pública00aCaracterísticas y análisis de la supervivencia de las personas atendidas en el programa de atención domiciliaria del área básica de salud Raval Nord, Barcelona, 1993-2002h[recurso electronico]cJosep María Segura Noguera, ...[et al.]. aMadrid :bRed Revista Española de Salud Pública,c2003. a[581]-594 p.0 aVol. 77, Núm. 5 (Septiembre-Oct. 2003)- aRecurso electrónico. Santa Fe, Arg.: e-libro, 2015. Disponible vía World Wide Web. El acceso puede estar limitado para las bibliotecas afiliadas a e-libro. aArtículos en castellano; resúmenes en inglés. 4aServicios de salud. 4aAtención médica. 0aPrimary care (Medicine) 0aPrimary health care. aEnfermos crónicos aAtención domiciliaria 4aArtículos electrónicos.1 aSegura Noguera, Josep María,eaut.2 ae-libro, Corp.02aRevista Española de Salud Pública.40uhttps://elibro.net/ereader/politecnicointernacional/15397 c46240d46240